| 000 | 00763nam a2200217Ia 4500 | ||
|---|---|---|---|
| 999 |
_c50947 _d50947 |
||
| 001 | 17904 | ||
| 003 | GE_BSU | ||
| 005 | 20200228125534.0 | ||
| 008 | 181216s1964 xx |||||||||||||| ||geo|| | ||
| 040 | _cGE_BSU | ||
| 041 | _ageo | ||
| 080 | _a821.353.1-31 ჭ-15 | ||
| 100 |
_aრუსიძე, კაპიტონ _97621 |
||
| 245 |
_aჭიდილი მთებში : _bრომანი / _c კაპიტონ რუსიძე. |
||
| 264 |
_aთბილისი : _bსაბჭ. საქართველო, _c1964. |
||
| 300 |
_a429გვ. ; _c19 სმ. |
||
| 653 | _aრომანი | ||
| 653 | _aჭიდილი მთებში | ||
| 653 | _aქართული ლიტერატურა | ||
| 942 |
_cBK _2udc |
||